Egypt /

محفوظ في:

المؤلف الرئيسي: Waterfield, Gordon, 1903-

التنسيق: كتاب

اللغة: English

منشور في: London : Thames & Hudson, [1967].

سلاسل: New nations and peoples.

الموضوعات:

الوسوم: إضافة وسم

لا توجد وسوم, كن أول من يضع وسما على هذه التسجيلة!

رقم الطلب: DT107 .W32

LEADER 00600nam a22002057a 4500
003 OSt
005 20260405120836.0
008 260405t1967 enkbcf b 000 0 eng d
040 |c ARCE Library 
050 1 4 |a DT107  |b .W32  
100 1 |a Waterfield, Gordon,   |d 1903-  
245 1 0 |a Egypt /   |c Gordon Waterfield. 
264 1 |a London :   |b Thames & Hudson,   |c [1967]. 
300 |a 230 p., 32 plates (incl. ports.) :   |b map ;   |c 22 cm. 
490 0 |a New nations and peoples. 
504 |a Bibliography: p. 216-217. 
651 0 |a Egypt   |x History   |y 1798-  
901 |a reviewed 
942 |2 lcc  |c BK 
999 |c 47504  |d 47504